000 01551cam a22002775a 4500
001 L159114
008 160129s2015 xxk f 000 0 eng d
020 _a9781409844570
035 _a(Sirsi) u159114
041 _aeng
050 _a692.2
110 _aUnited Kingdom
_bDepartment for Communities and Local Government
_94939
245 0 4 _aThe Party Wall etc. Act 1996
_bexplanatory booklet
_h[electronic resource]
260 _aLondon
_bDepartment for Communities and Local Government
_c2016
300 _a49p.
350 _a0
505 2 _aIntroduction -- Part 1: Party Wall etc. Act 1996 -- Part 2: Building Owners -- Part 3: Adjoining Owners/Occupiers -- Part 4: Frequently Asked Questions -- Part 5: Example Letters -- Part 6: Further Information -- Appendix 1: Simple Definitions -- Appendix 2: Flow Chart: How to meet the requirements of the Party Wall etc. Act 1996
520 _aIntended as a general guide it aims to explain in simple terms how the Party Wall etc. Act 1996 ("the Act") may affect someone who either wishes to carry out work covered by the Act (the "Building Owner") or receives notification under the Act of proposed adjacent work (the "Adjoining Owner").
650 _aPARTY WALL ETC. ACT 1996
650 _aParty walls
_96258
651 4 _aENGLAND AND WALES
690 _aBUILT ENVIRONMENT
856 4 0 _uhttps://www.gov.uk/government/uploads/system/uploads/attachment_data/file/393927/Party_Wall_etc__Act_1996_-_Explanatory_Booklet.pdf
_zView this item at www.gov.uk
942 _n0
948 _c02/07/1997
999 _c115682
_d115682